High-performance buildings : (Record no. 19484)

MARC details
000 -LEADER
fixed length control field 01145cam a22003015a 4500
001 - CONTROL NUMBER
control field 17852479
005 - DATE AND TIME OF LATEST TRANSACTION
control field 20150608155841.0
008 - FIXED-LENGTH DATA ELEMENTS--GENERAL INFORMATION
fixed length control field 130814t2014 gaua frb 001 0 eng d
020 ## - INTERNATIONAL STANDARD BOOK NUMBER
International Standard Book Number 0881736465 (alk. paper)
020 ## - INTERNATIONAL STANDARD BOOK NUMBER
Cancelled/invalid ISBN 0881736473 (electronic)
020 ## - INTERNATIONAL STANDARD BOOK NUMBER
International Standard Book Number 9781439851999 (Taylor & Francis distribution : alk. paper)
040 ## - CATALOGING SOURCE
Original cataloging agency DLC
Transcribing agency DLC
Modifying agency DLC
-- EG-ScBUE
082 00 - DEWEY DECIMAL CLASSIFICATION NUMBER
Classification number 658.2
Edition number 22
Item number ROB
100 1# - MAIN ENTRY--PERSONAL NAME
Personal name Robinson, Tony,
Titles and other words associated with a name MS
9 (RLIN) 38116
245 10 - TITLE STATEMENT
Title High-performance buildings :
Remainder of title a guide for owners & managers /
Statement of responsibility, etc Tony Robinson, MS.
246 34 - VARYING FORM OF TITLE
Title proper/short title High-performance buildings :
Remainder of title a guide for owners and managers
260 ## - PUBLICATION, DISTRIBUTION, ETC. (IMPRINT)
Place of publication, distribution, etc Lilburn :
Name of publisher, distributor, etc The Fairmont Press ;
Place of publication, distribution, etc Boca Raton ;
-- London :
Name of publisher, distributor, etc CRC Press / Taylor & Francis Group,
Date of publication, distribution, etc c.2014.
300 ## - PHYSICAL DESCRIPTION
Extent xix, 398 p. :
Other physical details ill. ;
Dimensions 24 cm.
500 ## - GENERAL NOTE
General note Index : p. 393-398.
504 ## - BIBLIOGRAPHY, ETC. NOTE
Bibliography, etc Bibliography : p. 375-391.
650 #0 - SUBJECT ADDED ENTRY--TOPICAL TERM
Topical term or geographic name as entry element Sustainable buildings
General subdivision Design and construction.
Source of heading or term BUEsh
650 #0 - SUBJECT ADDED ENTRY--TOPICAL TERM
Topical term or geographic name as entry element Buildings
General subdivision Performance.
Source of heading or term BUEsh
9 (RLIN) 37708
650 #0 - SUBJECT ADDED ENTRY--TOPICAL TERM
Topical term or geographic name as entry element Buildings
General subdivision Energy conservation.
Source of heading or term BUEsh
651 ## - SUBJECT ADDED ENTRY--GEOGRAPHIC NAME
Source of heading or term BUEsh
653 ## - INDEX TERM--UNCONTROLLED
Resource For college Engineering, General
-- Engineering, Architecture
Arrived date list June2015
655 ## - INDEX TERM--GENRE/FORM
Form subdivision
-- 34232
942 ## - ADDED ENTRY ELEMENTS (KOHA)
Source of classification or shelving scheme Dewey Decimal Classification
Holdings
Withdrawn status Item status Source of classification or shelving scheme Damaged status Not for loan Vendor Home library Current library Shelving location Date acquired Source of acquisition Cost, normal purchase price Total Checkouts Full call number Barcode Date last seen Cost, replacement price Koha item type
    Dewey Decimal Classification     Baccah Central Library Central Library First floor 04/06/2015   620.00   658.2 ROB 000038390 15/07/2025 775.00 Book - Borrowing